<?xml version="1.0" encoding="UTF-8"?>
<record
    xmlns:xsi="http://www.w3.org/2001/XMLSchema-instance"
    xsi:schemaLocation="http://www.loc.gov/MARC21/slim http://www.loc.gov/standards/marcxml/schema/MARC21slim.xsd"
    xmlns="http://www.loc.gov/MARC21/slim">

  <leader>01268cam a22003257a 4500</leader>
  <controlfield tag="003">OSt</controlfield>
  <controlfield tag="005">20180123161959.0</controlfield>
  <controlfield tag="008">180123m20152017spca          000 0 cat|d</controlfield>
  <datafield tag="017" ind1=" " ind2=" ">
    <subfield code="a">DL B 28691-2015 (v. 1)</subfield>
    <subfield code="a">DL B 7463-2016 (v. 2)</subfield>
    <subfield code="a">DL B 20137-2016 (v. 3)</subfield>
    <subfield code="a">DL B 4399-2017 (v. 4)</subfield>
    <subfield code="b">Biblioteca de Catalunya</subfield>
  </datafield>
  <datafield tag="020" ind1=" " ind2=" ">
    <subfield code="a">9788496645318</subfield>
    <subfield code="q">(v. 1)</subfield>
  </datafield>
  <datafield tag="020" ind1=" " ind2=" ">
    <subfield code="a">9788496645325</subfield>
    <subfield code="q">(v. 2)</subfield>
  </datafield>
  <datafield tag="020" ind1=" " ind2=" ">
    <subfield code="a">9788496645349</subfield>
    <subfield code="q">(v. 3)</subfield>
  </datafield>
  <datafield tag="020" ind1=" " ind2=" ">
    <subfield code="a">9788496645363</subfield>
    <subfield code="q">(v. 4)</subfield>
  </datafield>
  <datafield tag="040" ind1=" " ind2=" ">
    <subfield code="a">ES-BaBC</subfield>
    <subfield code="b">cat</subfield>
    <subfield code="c">CDMR</subfield>
  </datafield>
  <datafield tag="100" ind1="1" ind2=" ">
    <subfield code="a">Cadena, Josep M.</subfield>
    <subfield code="q">(Josep Maria)</subfield>
    <subfield code="d">1935-</subfield>
    <subfield code="9">2992</subfield>
  </datafield>
  <datafield tag="245" ind1="1" ind2="0">
    <subfield code="a">Joan Llaverias</subfield>
    <subfield code="b">: Els Dibuixants del &#xA1;Cu-Cut! /</subfield>
    <subfield code="c">Josep Maria Cadena </subfield>
  </datafield>
  <datafield tag="260" ind1=" " ind2=" ">
    <subfield code="a">Barcelona :</subfield>
    <subfield code="b">&#xC0;mbit Serveis Editorials,</subfield>
    <subfield code="c">cop. 2015-&lt;2017&gt;</subfield>
  </datafield>
  <datafield tag="300" ind1=" " ind2=" ">
    <subfield code="a">v. (509, 503, 425 p.) :</subfield>
    <subfield code="b">il. ;</subfield>
    <subfield code="c">20 cm</subfield>
  </datafield>
  <datafield tag="490" ind1="0" ind2=" ">
    <subfield code="a">Els Dibuixants del &#xA1;Cu-Cut!</subfield>
  </datafield>
  <datafield tag="504" ind1=" " ind2=" ">
    <subfield code="a">Bibliografia</subfield>
  </datafield>
  <datafield tag="505" ind1="8" ind2=" ">
    <subfield code="a">Cont&#xE9;: 1. 1902-1904 -- 2. 1905-1907 -- 3. 1908-1909 -- 4. 1910-1912</subfield>
  </datafield>
  <datafield tag="546" ind1=" " ind2=" ">
    <subfield code="a">Text en catal&#xE0; i castell&#xE0;</subfield>
  </datafield>
  <datafield tag="600" ind1="1" ind2="7">
    <subfield code="a">Llaverias, Joan,</subfield>
    <subfield code="d">1865-1938</subfield>
    <subfield code="2">lemac</subfield>
  </datafield>
  <datafield tag="630" ind1="0" ind2="7">
    <subfield code="a">Cu-Cut!</subfield>
    <subfield code="2">lemac</subfield>
  </datafield>
  <datafield tag="650" ind1=" " ind2="7">
    <subfield code="a">Il&#xB7;lustradors</subfield>
    <subfield code="z">Catalunya</subfield>
    <subfield code="y">S. XX</subfield>
    <subfield code="2">lemac</subfield>
  </datafield>
  <datafield tag="650" ind1=" " ind2="7">
    <subfield code="a">Dibuixants</subfield>
    <subfield code="z">Catalunya</subfield>
    <subfield code="y">S. XX</subfield>
    <subfield code="2">lemac</subfield>
  </datafield>
  <datafield tag="650" ind1="0" ind2="7">
    <subfield code="a">Humorisme gr&#xE0;fic</subfield>
    <subfield code="2">lemac </subfield>
    <subfield code="9">3084</subfield>
    <subfield code="z">Catalunya</subfield>
  </datafield>
  <datafield tag="700" ind1="1" ind2=" ">
    <subfield code="a">Llaverias, Joan,</subfield>
    <subfield code="d">1865-1938</subfield>
  </datafield>
  <datafield tag="942" ind1=" " ind2=" ">
    <subfield code="c">MON</subfield>
    <subfield code="2">udc</subfield>
  </datafield>
  <datafield tag="999" ind1=" " ind2=" ">
    <subfield code="c">7114</subfield>
    <subfield code="d">7114</subfield>
  </datafield>
  <datafield tag="952" ind1=" " ind2=" ">
    <subfield code="0">0</subfield>
    <subfield code="1">0</subfield>
    <subfield code="4">0</subfield>
    <subfield code="7">0</subfield>
    <subfield code="a">CDMR</subfield>
    <subfield code="b">CDMR</subfield>
    <subfield code="d">2018-01-23</subfield>
    <subfield code="e">Donaci&#xF3;</subfield>
    <subfield code="g">20.00</subfield>
    <subfield code="h">Vol. 1</subfield>
    <subfield code="l">0</subfield>
    <subfield code="o">Du 10.2/17</subfield>
    <subfield code="p">CDMR16040003</subfield>
    <subfield code="r">2018-01-23</subfield>
    <subfield code="v">20.00</subfield>
    <subfield code="w">2018-01-23</subfield>
    <subfield code="y">MON</subfield>
  </datafield>
  <datafield tag="952" ind1=" " ind2=" ">
    <subfield code="0">0</subfield>
    <subfield code="1">0</subfield>
    <subfield code="4">0</subfield>
    <subfield code="7">0</subfield>
    <subfield code="a">CDMR</subfield>
    <subfield code="b">CDMR</subfield>
    <subfield code="d">2018-01-23</subfield>
    <subfield code="e">Donaci&#xF3;</subfield>
    <subfield code="g">20.00</subfield>
    <subfield code="h">Vol. 2</subfield>
    <subfield code="l">0</subfield>
    <subfield code="o">Du 10.2/18</subfield>
    <subfield code="p">CDMR18010019</subfield>
    <subfield code="r">2018-01-23</subfield>
    <subfield code="v">20.00</subfield>
    <subfield code="w">2018-01-23</subfield>
    <subfield code="y">MON</subfield>
  </datafield>
  <datafield tag="952" ind1=" " ind2=" ">
    <subfield code="0">0</subfield>
    <subfield code="1">0</subfield>
    <subfield code="4">0</subfield>
    <subfield code="7">0</subfield>
    <subfield code="a">CDMR</subfield>
    <subfield code="b">CDMR</subfield>
    <subfield code="d">2018-01-23</subfield>
    <subfield code="e">Donaci&#xF3;</subfield>
    <subfield code="g">20.00</subfield>
    <subfield code="h">Vol. 3</subfield>
    <subfield code="l">0</subfield>
    <subfield code="o">Du 10.2/19</subfield>
    <subfield code="p">CDMR18010020</subfield>
    <subfield code="r">2018-01-23</subfield>
    <subfield code="v">20.00</subfield>
    <subfield code="w">2018-01-23</subfield>
    <subfield code="y">MON</subfield>
  </datafield>
  <datafield tag="952" ind1=" " ind2=" ">
    <subfield code="0">0</subfield>
    <subfield code="1">0</subfield>
    <subfield code="4">0</subfield>
    <subfield code="7">0</subfield>
    <subfield code="a">CDMR</subfield>
    <subfield code="b">CDMR</subfield>
    <subfield code="d">2018-01-23</subfield>
    <subfield code="e">Donaci&#xF3;</subfield>
    <subfield code="g">20.00</subfield>
    <subfield code="h">Vol. 4</subfield>
    <subfield code="l">0</subfield>
    <subfield code="o">Du 10.2/20</subfield>
    <subfield code="p">CDMR18010021</subfield>
    <subfield code="r">2018-01-23</subfield>
    <subfield code="v">20.00</subfield>
    <subfield code="w">2018-01-23</subfield>
    <subfield code="y">MON</subfield>
  </datafield>
</record>
